000 02426 am a2200661 a 4500
005 20231220130508.0
008 100317s1984||||sp d f |||| 001 0 spa d
020 _aS/N
041 _aspa
092 _c616.075
_l6
_sBAL
100 1 _aBalcells Gorina, Alfonso.
_9478
245 3 _aLa clínica y el laboratorio.
_bInterpretación de análisis y pruebas funcionales /
_cAlfonso Balcells Gorina.
250 _a13a ed.
_bPrólogo de M. Soriano Jiménez
260 _aBarcelona:
_bEditorial Marin;
_c1984.
300 _a623 p.
500 _aBalcells Gorina, A. (1984). La clínica y el laboratorio. Interpretación de análisis y pruebas funcionales. (13a ed.). Barcelona : Editorial Marin.
590 _aDonación Dra. Casé, 9/11/04
653 _aExamen de orina
653 _aEnzimuria
653 _aExamen de esputo
653 _aExámenes de sangre. Química hemática
653 _aElectrolitos
653 _aEnzimas
653 _aCambios físicos
653 _aExámenes de sangre. Hemogranas y exámenes hematológicos
653 _aCoagulación y hemostasia
653 _aExámenes de sangre. Serología y diagnóstico inmunobiológico
653 _aExamen del jugo gástrico y duodenal
653 _aExamen de heces
653 _aExamen de líquido cefalorraquídeo
653 _aExamen de saliva
653 _aSudor
653 _aDerrames en las serosas. Exudados y trasudados
653 _aLeucorrea (flujo vaginal)
653 _aLíquido amniótico
653 _aLíquido sinovial
653 _aPruebas funcionales respiratorias
653 _aPruebas funcionales renales
653 _aPruebas funcionales hepáticas
653 _aPruebas funcionales pancreáticas
653 _aPruebas funcionales endocrinas
653 _aExploración de los síndromes
653 _aPatología respiratoria
653 _aPatología cardiovascular
653 _aPatología digestiva
653 _aPatología renal y urológica
653 _aPatología del sistema hematopoyético
653 _aPatología endocrina
653 _aPatología de la nutrición
653 _aPatología del aparato locomotor
653 _aPatología del sistema nervioso
653 _aEnfermedades infecciosas y parasitarias
653 _aIntoxicaciones
653 _aColagenopatías y misceláneas
653 _aTablas de valores normales
930 _a1084
942 _2ddc
_cBK
999 _c141
_d141